[Event "Memorial M.Najdorf (qual.) (under 20)"]
[Site "masterchessopen.com Buenos Aires (Argentina)"]
[Date "2003.10.06"]
[Round "7"]
[White "Lafuente Pablo (ARG)"]
[Black "Obregon Andres Carlos (ARG)"]
[Result "1/2-1/2"]
[WhiteElo "2473"]
[BlackElo "2297"]

1.d4 Nf6 2.c4 e6 3.Nc3 Bb4 4.Qc2 d6 5.a3 Bxc3+ 6.Qxc3 Qe7 7.Nf3 Nbd7 8.e3 O-O
9.b3 b6 10.Bb2 Bb7 11.O-O-O c5 12.Kb1 Rac8 13.d5 e5 14.Qc2 e4 15.Nd2 Rfe8
16.Be2 b5 17.g4 bxc4 18.bxc4 Nb6 19.g5 Nfd7 20.h4 {#d} 1/2-1/2

[Event "Ch Ukraine (juniors) (under 20) (g) (1/2 final)"]
[Site "masterchessopen.com Ternopol (Ukraine)"]
[Date "2003.12.15"]
[Round "5"]
[White "Mokriak Liudmila (UKR)"]
[Black "Maiko Julia (UKR)"]
[Result "0-1"]
[WhiteElo "2181"]
[BlackElo "2188"]

1.d4 Nf6 2.c4 e6 3.Nc3 Bb4 4.Qc2 d6 5.Nf3 Nbd7 6.Bg5 b6 7.g3 Bb7 8.Bg2 h6
9.Bd2 O-O 10.O-O a6 11.a3 Bxc3 12.Bxc3 c5 13.b3 Rc8 14.Qb2 Ne4 15.dxc5 Nxc3
16.Qxc3 Nxc5 17.Rfd1 Qe7 18.Qb4 Rfd8 19.Nd4 Bxg2 20.Kxg2 Qb7+ 21.Kg1 Ne4 22.f3
Nc5 23.e4 d5 24.cxd5 exd5 25.e5 Qc7 26.f4 b5 27.Nf5 Qa7 28.Qd4 Qd7 29.Nxg7 Qg4
30.Rac1 Kxg7 31.e6+ f6 32.e7 Re8 33.Qxd5 Rxe7 34.Re1 Rd7 35.Qg2 Nd3 36.Rxc8
Nxe1 {#R} 0-1

[Event "Ch Wales"]
[Site "masterchessopen.com Cardiff (Wales)"]
[Date "2004.04.09"]
[Round "1"]
[White "Trevelyan John (WLS)"]
[Black "Williams Arthur H (WLS)"]
[Result "1/2-1/2"]
[WhiteElo "2170"]
[BlackElo "2347"]

1.d4 Nf6 2.c4 e6 3.Nc3 Bb4 4.Qc2 d6 5.f3 c5 6.dxc5 dxc5 7.e4 Nc6 8.Ne2 O-O
9.a3 Bxc3+ 10.Qxc3 e5 11.Ng3 Nd4 12.Be2 Be6 13.Be3 Rc8 14.O-O Qc7 15.Rae1 Nd7
16.Bd3 a6 17.Nf5 Rfe8 18.Bc1 Bxf5 19.exf5 b5 20.Be4 Nf6 21.Kh1 Nxe4 22.fxe4 f6
23.g4 h6 24.cxb5 axb5 25.h4 Qf7 26.Rf2 b4 27.Qg3 bxa3 28.bxa3 Rb8 29.g5 fxg5
30.hxg5 Qh5+ 31.Kg2 Rb3 32.Be3 hxg5 33.Rh1 Ne2 34.Rxh5 Nxg3 35.Kxg3 Rxe3+
36.Rf3 Rxf3+ 37.Kxf3 Ra8 38.Rxg5 Rxa3+ 39.Ke2 {#d} 1/2-1/2

[Event "Ch Europe"]
[Site "masterchessopen.com Antalya (Turkey)"]
[Date "2004.05.28"]
[Round "12"]
[White "Istratescu Andrei (ROM)"]
[Black "Agrest Evgenij (SWE)"]
[Result "1-0"]
[WhiteElo "2611"]
[BlackElo "2604"]

{ } 1.d4 { 1 } 1...Nf6 2.c4 e6 3.Nc3 Bb4 4.Qc2 d6 5.Bg5 { ? } ( 5.Nf3 Nbd7
6.Bg5 b6 7.e3 Bb7 8.Bd3 h6 9.Bh4 Bxc3+ 10.bxc3 Qe7 11.e4 e5 12.Nd2 g5 13.Bg3
Nh5 14.O-O-O Nf4 15.Bxf4 gxf4 16.g3 Qf6 17.d5 Nc5 18.Nb3 Bc8 19.Nxc5 bxc5
20.Qe2 Bd7 21.Kd2 Rb8 22.Rb1 Rb6 23.gxf4 Qxf4+ 24.Qe3 Ke7 { ...1/2-1/2,
Christiansen Larry M 2555 - Karpov Anatoly 2760 , Wijk aan Zee 1993 It
(matches) "Hoogovens" } ) 5...Nbd7 ( 5...h6 6.Bh4 O-O 7.e3 Nbd7 8.Bd3 Bxc3+
9.Qxc3 b6 10.Ne2 c5 11.O-O Ba6 12.Rac1 Qe7 13.Rfd1 Rfc8 14.Qd2 cxd4 15.exd4
Qf8 16.b3 Rc7 17.Nc3 Rac8 18.a4 Nh5 19.Nb5 Bxb5 20.axb5 g5 21.Bg3 Nxg3 22.hxg3
d5 23.f4 Qg7 24.Qe3 Nf6 25.Be2 { ...0-1, Jelen Igor 2345 - Kurajica Bojan 2570
, Dresden 1998 Zt } ) 6.e3 c5 ( 6...Bxc3+ 7.bxc3 b6 8.Bd3 Bb7 9.f3 h6 10.Bh4
Qe7 11.Ne2 e5 12.e4 O-O-O 13.Bf2 Nh5 14.Qd2 g6 15.O-O-O Ng7 16.Be3 h5 17.Rhe1
h4 18.Ng1 f6 19.Bc2 g5 20.Nh3 Ne6 21.Nf2 Nf4 22.Ng4 Kb8 23.Bg1 Ka8 24.Ne3 Nb8
25.g3 hxg3 26.hxg3 { ...1/2-1/2, Gligoric Svetozar 2454 - Sokolsky Alexey,
Moscow 1947 Memorial M.Chigorin } ) ( 6...h6 7.Bh4 O-O 8.Bd3 Bxc3+ 9.Qxc3 e5
10.Ne2 Re8 11.O-O a5 12.Rad1 Qe7 13.Bb1 Nf8 14.Rd2 Ng6 15.Bxg6 fxg6 16.f3 g5
17.dxe5 dxe5 18.Bf2 g4 19.Bh4 g5 20.Bg3 gxf3 21.gxf3 Bh3 22.Rfd1 Ra6 23.c5 Kg7
24.a3 a4 25.Qb4 Rc6 26.Qxb7 { ...0-1, Skomorokhin Roman 2373 - Volkov Nikolai
2161 , Roslavl 1989 Ch Club URS (team) (1/2 final) } ) 7.Bd3 { = } 7...Qa5
8.Ne2 ( 8.Nf3 cxd4 ( 8...Bxc3+ 9.Qxc3 Qxc3+ { } ) 9.exd4 Bxc3+ 10.bxc3 Qc7
11.O-O O-O 12.Nd2 h6 13.Bh4 b6 14.f3 Ba6 15.Qa4 Bb7 16.Ne4 Nxe4 17.fxe4 e5
18.Qd1 Rae8 19.Qg4 Bc8 20.Qh5 Ba6 21.Rf3 Bxc4 22.Rg3 f6 23.Qxh6 Rf7 24.Bc2 d5
25.exd5 e4 26.Qh5 Qc8 27.Rh3 Nf8 { ...1-0, Finegold Benjamin 2465 - Balashov
Yuri S 2565 , Cappelle la Grande 1992 It (open) } ) 8...cxd4 9.Bxf6 Nxf6
10.exd4 { } ( 10.Nxd4 d5 11.cxd5 Nxd5 12.O-O Nxc3 13.bxc3 Bd6 14.Rab1 Qc7
15.f4 g6 16.Be4 O-O 17.Rf3 Rb8 18.h4 b5 19.h5 f5 20.Bd3 Bb7 21.Rg3 Bxf4
22.exf4 Qxf4 23.Qf2 Qxf2+ 24.Kxf2 Kf7 25.hxg6+ hxg6 26.Rxb5 Bd5 27.Re3 Kf6
28.a4 Rbc8 29.Ra5 Rxc3 { ...0-1, Lima Darcy 2475 - Hracek Zbynek 2530 , Moscow
1994 Olympiad } ) 10...Bxc3+ { N } ( 10...Bd7 11.O-O Rc8 12.a3 Bxc3 13.Nxc3
Qb6 14.Rad1 ( 14.Ne2 O-O 15.b4 Rfe8 16.Rac1 e5 17.dxe5 Rxe5 18.Qb2 Nh5 19.c5
Rexc5 20.Bxh7+ Kxh7 21.Qb1+ Bf5 22.bxc5 Qxb1 23.Rxb1 Bxb1 24.Rxb1 Rxc5 25.Rxb7
Ra5 26.Rxf7 Rxa3 27.f3 Ra2 28.Kf1 Nf6 29.Nf4 a5 30.g4 { ...1/2-1/2, Hebert
Jean 2412 - Sloth Jorn 2352 , corr. 1992 Olympiad (corr.) } ) 14...O-O 15.b4
Kh8 16.c5 Qc7 17.Ne4 Ne8 18.Qe2 b6 19.Rc1 Qb8 20.Ng5 g6 21.Ba6 Rc7 22.Rc3 Qd8
23.f4 Qf6 24.Rh3 Qxd4+ 25.Kh1 h5 26.Rd3 Qg7 27.cxd6 Rc3 28.Rxc3 Qxc3 29.Qe5+
Qxe5 30.fxe5 { ...1-0, Azmaiparashvili Zurab 2620 - Kurajica Bojan 2595 ,
Strumica 1995 It } ) ( 10...d5 11.c5 b6 12.c6 Ba6 13.O-O Rc8 14.a3 Bxc3
15.Nxc3 Bxd3 16.Qxd3 b5 17.Qxb5 Qxb5 18.Nxb5 Rxc6 19.Nxa7 Rb6 20.a4 Rxb2
21.Rfb1 Rxb1+ 22.Rxb1 Ke7 23.Rb7+ Nd7 24.a5 Ra8 25.a6 g5 26.Nc6+ Kd6 27.Nb4 f6
28.a7 Rc8 29.h4 Rc1+ 30.Kh2 { ...1-0, Golod Vitali 2532 - Bogdanovski Vlatko
2449 , Halkidiki 2002 Cup European Club (final) } ) 11.Nxc3 h6 12.O-O O-O
13.a3 Bd7 14.b4 Qc7 15.Rac1 Rac8 16.Rfd1 { ?! } ( 16.Qd2 { !? } 16...Qc6
17.Rfe1 d5 18.c5 { } ) 16...Rfe8 17.h3 { ?! } ( 17.Qd2 { !? } 17...Qb8 18.Ne4
Nxe4 19.Bxe4 { } ) 17...Qb8 18.Bf1 { ?! } ( 18.Qb3 { !? } 18...Bc6 19.b5 Bd7
20.Re1 { } ) 18...a6 { ?! } ( 18...d5 { !? } 19.c5 e5 20.Qd2 Re6 { } ) 19.a4 {
?! } ( 19.Ne4 { !? } 19...Nxe4 20.Qxe4 Bc6 21.Qf4 { } ) 19...Rc7 { ?! } (
19...d5 { !? } 20.c5 e5 21.Qd2 Re6 { } ) 20.a5 Qd8 21.Qb2 Rc8 22.Qa3 Ra8 23.d5
e5 24.Re1 e4 25.Re3 Re5 26.Rce1 Bf5 27.Na4 Nd7 28.Qc3 Bg6 29.Qd4 f5 30.c5 f4 {
?! } ( 30...Qc7 { !? } 31.Bc4 Bf7 32.f3 Rae8 { } ) 31.Rc3 e3 32.Qxf4 Re4
33.Qg3 exf2+ 34.Qxf2 Rxb4 35.Nb6 Nxb6 36.cxb6 Qg5 37.Rg3 Qh5 38.Re6 { ? } ( {
? } 38.Re7 Rf8 39.Rf3 Rxf3 40.Qxf3 { } ) 38...Rf8 39.Rf3 Rxf3 40.Qxf3 Qg5
41.Rxd6 Bf5 42.Kh2 Rf4 43.Qe2 Re4 44.Qf2 Rf4 45.Qe1 Re4 { ? } ( { ? } 45...Be4
46.Rd7 Bxd5 47.Qd2 Be4 { } ) 46.Qg3 Qe7 { ?! } ( 46...Qxg3+ { !? } 47.Kxg3 Re8
48.Kf4 Bc2 { } ) 47.Rxh6 Kf7 48.d6 Qd7 49.Rh5 Rd4 50.Qe5 Bg6 51.Qxd4 Bxh5
52.Qd5+ Kg6 53.g4 { } {#r} 1-0

[Event "Ch Germany (open) (under 25)"]
[Site "masterchessopen.com Willingen (Germany)"]
[Date "2004.06.04"]
[Round "9"]
[White "Seifert Volker (GER)"]
[Black "Lipok Christoph (GER)"]
[Result "1-0"]
[WhiteElo "2329"]
[BlackElo "2100"]

1.d4 e6 2.c4 Nf6 3.Nc3 Bb4 4.Qc2 d6 5.Bg5 Nbd7 6.e3 h6 7.Bh4 b6 8.Bd3 Bb7 9.f3
O-O 10.Ne2 e5 11.O-O Bxc3 12.Nxc3 Re8 13.Rae1 Nf8 14.d5 N8d7 15.f4 exf4
16.exf4 Rxe1 17.Rxe1 Qf8 18.Nb5 a6 19.Nd4 Re8 20.Qd2 Rxe1+ 21.Qxe1 g6 22.Qg3
Qe8 23.Qf3 Kg7 24.Bc2 Nb8 25.Qc3 Qe7 26.Nf3 Nd7 27.h3 Kg8 28.Ba4 {#r} 1-0

[Event "Ch Netherlands (open)"]
[Site "masterchessopen.com Dieren (Netherlands)"]
[Date "2004.08.04"]
[Round "8"]
[White "Kalinitschew Sergey (GER)"]
[Black "Ikonnikov Vyacheslav (RUS)"]
[Result "1/2-1/2"]
[WhiteElo "2533"]
[BlackElo "2559"]

1.d4 Nf6 2.c4 e6 3.Nc3 Bb4 4.Qc2 d6 5.Bd2 c5 6.dxc5 dxc5 7.a3 Ba5 8.Nf3 Nc6
9.e3 b6 10.O-O-O Qe7 11.Bd3 Bb7 12.Ne4 {#d} 1/2-1/2

[Event "Ch Croatia (team) (1st league)"]
[Site "masterchessopen.com Rabac (Croatia)"]
[Date "2004.09.11"]
[Round "7"]
[White "Berebora Ferenc (HUN)"]
[Black "Kurajica Bojan (CRO)"]
[Result "1/2-1/2"]
[WhiteElo "2397"]
[BlackElo "2541"]

1.d4 Nf6 2.c4 e6 3.Nc3 Bb4 4.Qc2 d6 5.g3 O-O 6.a3 Bxc3+ 7.Qxc3 e5 8.dxe5 dxe5
9.Bg2 Qe7 10.Nf3 Re8 11.O-O a5 12.b3 c5 13.Bg5 Nc6 14.Nd2 Nd4 15.Rae1 Bg4
16.f3 Bf5 17.e3 Nc6 18.f4 Rad8 19.Bxc6 bxc6 20.e4 Bh3 21.Rf2 h6 22.Bxf6 Qxf6
23.Qxa5 exf4 24.Rxf4 Qd6 25.Rf2 Ra8 26.Qc3 Rxa3 27.e5 Qd7 28.Ne4 Qd4 29.Qf3 f5
30.Nf6+ gxf6 31.Qh5 Rxe5 32.Qg6+ Kf8 33.Qxf6+ Kg8 34.Qg6+ Kf8 35.Qf6+ {#d}
1/2-1/2

[Event "Ch SCG (team)"]
[Site "masterchessopen.com Budva (Yugoslavia)"]
[Date "2004.09.18"]
[Round "10"]
[White "Lajthajm Borko (SRB)"]
[Black "Abramovic Bosko (SRB)"]
[Result "1/2-1/2"]
[WhiteElo "2466"]
[BlackElo "2471"]

1.d4 Nf6 2.c4 e6 3.Nc3 Bb4 4.Qc2 d6 5.a3 Bxc3+ 6.Qxc3 Nbd7 7.f3 a5 8.e4 e5
9.dxe5 Nxe5 10.c5 O-O 11.cxd6 cxd6 12.Bf4 Ng6 13.Bg3 Be6 14.Qd4 d5 15.e5 Nd7
16.Bb5 Ne7 17.Bxd7 Qxd7 18.Ne2 Nf5 19.Qd3 Rac8 20.Rd1 d4 21.Nxd4 Nxd4 22.Qxd4
Qb5 23.a4 Qa6 24.Qd3 Qxd3 25.Rxd3 Rc4 26.O-O Rxa4 27.Ra3 Rb4 28.Rxa5 Rxb2
29.Rfa1 h6 30.Bf2 Kh7 31.Bd4 Rd2 32.Bb6 Rc8 33.Rc5 Rxc5 34.Bxc5 b5 35.Rb1 Bc4
36.Bb4 Re2 37.Bc3 Kg6 38.h4 h5 39.Kh2 Kf5 40.Kg3 Rc2 41.Ba1 Ke6 42.Kh3 g6
43.g4 Rd2 44.Kg3 Ra2 45.Kf4 Bd5 46.gxh5 gxh5 47.Bc3 Ra3 48.Bd4 Rxf3+ 49.Kg5
Rf5+ 50.Kh6 Bc4 51.Bc3 Be2 52.Rb2 Bd3 {#d} 1/2-1/2

[Event "Olympiad"]
[Site "masterchessopen.com Calvia (Spain)"]
[Date "2004.10.17"]
[Round "3"]
[White "Sasikiran Krishnan (IND)"]
[Black "Torre Eugenio (PHI)"]
[Result "1/2-1/2"]
[WhiteElo "2668"]
[BlackElo "2518"]

{ Sasikiran Krishnan (IND) +14 =2 -3 } 1.d4 { 1 } 1...Nf6 2.c4 e6 3.Nc3 Bb4
4.Qc2 d6 5.Bg5 { ? } ( 5.Nf3 Nbd7 6.Bg5 b6 7.e3 Bb7 8.Bd3 h6 9.Bh4 Bxc3+
10.bxc3 Qe7 11.e4 e5 12.Nd2 g5 13.Bg3 Nh5 14.O-O-O Nf4 15.Bxf4 gxf4 16.g3 Qf6
17.d5 Nc5 18.Nb3 Bc8 19.Nxc5 bxc5 20.Qe2 Bd7 21.Kd2 Rb8 22.Rb1 Rb6 23.gxf4
Qxf4+ 24.Qe3 Ke7 { ...1/2-1/2, Christiansen Larry M 2555 - Karpov Anatoly 2760
, Wijk aan Zee 1993 It (matches) "Hoogovens" } ) 5...h6 6.Bh4 { =/? } 6...Nc6
( 6...Nbd7 7.e3 e5 8.Ne2 exd4 9.exd4 d5 10.c5 c6 11.a3 Ba5 12.O-O-O O-O 13.g4
Re8 14.f3 Bc7 15.Bf2 b6 16.h4 Ba6 17.g5 Nh5 18.Bh3 Nf4 19.Nxf4 Bxf4+ 20.Kb1
Nf8 21.Bg4 Rb8 22.gxh6 Bxh6 23.Bg3 Ra8 24.Qa4 Bb7 25.Bd6 Ne6 26.Ka1 { ...0-1,
Tolush Alexander - Smyslov Vassily 2494 , Moscow 1945 Ch URS } ) 7.e3 e5 { N }
( 7...g5 8.Bg3 Bxc3+ 9.Qxc3 Ne4 10.Qc2 Nxg3 11.hxg3 Qf6 12.Nf3 Bd7 13.d5 Ne7
14.dxe6 fxe6 15.Bd3 Bc6 16.O-O-O O-O-O 17.Be4 d5 18.cxd5 exd5 19.Bd3 Kb8
20.Kb1 Rdf8 21.Rd2 Bd7 22.Rc1 c6 23.Nd4 h5 24.b4 h4 25.gxh4 gxh4 26.Qb3 Rhg8
27.Bf1 { ...0-1, Wegner Hannu 2358 - Schmittdiel Eckhard 2425 , Bad Neuenahr
1989 Ch BRD } ) ( 7...Bxc3+ 8.Qxc3 Qe7 9.Bd3 e5 10.d5 Nb8 11.Ne2 a5 12.f3 b6
13.Bf2 Na6 14.e4 Bd7 15.b3 O-O 16.g4 Nc5 17.Rg1 c6 18.dxc6 Bxc6 19.Ng3 g6
20.h4 Nh7 21.Be3 Qxh4 22.O-O-O Rfc8 23.Be2 b5 24.Rxd6 Nd7 25.Nf5 gxf5 26.Rxh6
{ 1/2-1/2, Herraiz Hidalgo Herminio 2435 - Corral Blanco Juan Antonio 2463 ,
Spain 2001 Ch Spain (team) (2 div) } ) ( 7...Qe7 8.Nf3 e5 9.dxe5 dxe5 10.Bxf6
Qxf6 11.Bd3 O-O 12.O-O Bxc3 13.Qxc3 Bf5 14.Bxf5 Qxf5 15.Rad1 Rad8 16.Rd5 Rxd5
17.cxd5 e4 18.dxc6 exf3 19.gxf3 Qxf3 20.cxb7 Qg4+ 21.Kh1 Qf3+ 22.Kg1 Rb8
23.Qxc7 Rxb7 24.Qc8+ Kh7 25.Qc2+ f5 26.Qd1 Qe4 27.Qd2 { ...0-1, Pecina Michal
2154 - Chura Jan 2213 , Horni Becva 1993 It (open) } ) 8.a3 Bxc3+ 9.bxc3 Qe7
10.Be2 Bd7 11.Nf3 O-O-O 12.Rb1 Rde8 { } ( 12...g5 { !? } 13.Bg3 h5 14.dxe5
dxe5 { } ) 13.Bg3 exd4 14.cxd4 Ne4 15.d5 Nd8 16.Nd2 { } ( 16.O-O { !? }
16...f5 17.Bd3 g5 18.Bxe4 { } ) 16...Nc5 17.O-O g5 { ? } ( { ? } 17...h5 18.h3
Qf6 19.Qb2 Qxb2 { } ) 18.e4 { ! } ( 18.Bd3 h5 19.h3 Nxd3 20.Qxd3 { } )
18...Nxe4 19.Nxe4 Qxe4 20.Bd3 Qd4 21.Rfd1 { ? } ( 21.Bf5 { ! } 21...Bxf5
22.Qxf5+ Kb8 23.c5 { } ) 21...Re7 { ? } ( { ? } 21...Kb8 22.Kh1 h5 23.Bg6 Qc5
{ } ) 22.c5 { ? } ( { ? } 22.Bf5 Qf6 23.Bxd7+ Rxd7 24.c5 { } ) 22...Qxc5
23.Qb2 { ? } ( { ? } 23.Qxc5 dxc5 24.d6 cxd6 25.Bxd6 { } ) 23...Rhe8 24.Rbc1
Qa5 25.Bxd6 Re1+ 26.Rxe1 Rxe1+ 27.Bf1 Rxc1 28.Qxc1 c6 { ? } ( { ? } 28...Bc6
29.Bf8 Qxd5 30.Bxh6 Ne6 { } ) 29.dxc6 Bxc6 30.h3 Qd5 31.Bc5 b6 32.Bf8 h5
33.Be7 Ne6 34.Bf6 Kb7 35.Qc4 { } {#d} 1/2-1/2

[Event "Olympiad"]
[Site "masterchessopen.com Calvia (Spain)"]
[Date "2004.10.28"]
[Round "13"]
[White "Van Wely Loek (NED)"]
[Black "Agrest Evgenij (SWE)"]
[Result "1-0"]
[WhiteElo "2681"]
[BlackElo "2604"]

{ Van Wely Loek (NED) +8 =11 -4 } 1.d4 { 1 } 1...Nf6 2.c4 e6 3.Nc3 Bb4 4.Qc2
d6 { ?/= } 5.Bd2 ( 5.Nf3 Nbd7 6.Bg5 b6 7.e3 Bb7 8.Bd3 h6 9.Bh4 Bxc3+ 10.bxc3
Qe7 11.e4 e5 12.Nd2 g5 13.Bg3 Nh5 14.O-O-O Nf4 15.Bxf4 gxf4 16.g3 Qf6 17.d5
Nc5 18.Nb3 Bc8 19.Nxc5 bxc5 20.Qe2 Bd7 21.Kd2 Rb8 22.Rb1 Rb6 23.gxf4 Qxf4+
24.Qe3 Ke7 { ...1/2-1/2, Christiansen Larry M 2555 - Karpov Anatoly 2760 ,
Wijk aan Zee 1993 It (matches) "Hoogovens" } ) ( 5.a3 Bxc3+ 6.Qxc3 O-O 7.g3 e5
8.dxe5 dxe5 9.Bg2 Re8 10.Nf3 Nc6 11.Be3 a5 12.Rd1 Qe7 13.O-O h6 14.h3 Bf5
15.Qb3 a4 16.Qc3 Bh7 17.g4 Be4 18.Rfe1 Qe6 19.g5 Bxf3 20.exf3 hxg5 21.Bxg5 Qf5
22.f4 exf4 23.Bxf6 Qxf6 24.Qxf6 gxf6 { ...1/2-1/2, Gurevich Mikhail 2656 -
Agrest Evgenij 2616 , Istanbul 2003 Ch Europe } ) 5...c5 ( 5...O-O 6.a3 Bxc3
7.Bxc3 Qe7 8.Nf3 Nbd7 9.e4 e5 10.d5 Nc5 11.Nd2 Bd7 12.Be2 Ne8 13.b4 Na4 14.O-O
f5 15.exf5 Rxf5 16.Bg4 Rf4 17.Bxd7 Qxd7 18.g3 Rf5 19.Rae1 Nxc3 20.Qxc3 Nf6
21.f3 Rf8 22.Ne4 Qf7 23.Nxf6+ Rxf6 24.Kg2 h5 25.Re4 { ...1/2-1/2, Bykhovsky
Avigdor 2400 - Fauland Alexander 2430 , Tel Aviv 1995 It (2) } ) 6.dxc5 ( 6.e3
O-O ( 6...cxd4 { } ) 7.Bd3 Nc6 8.Nge2 cxd4 9.exd4 e5 10.d5 Ne7 11.O-O a5 12.a3
Bc5 13.Bg5 Kh8 14.Bxf6 gxf6 15.Ng3 Rg8 16.Nce4 Ng6 17.Nh5 Nh4 18.Nhg3 Bd4
19.Nc3 f5 20.Bxf5 Rxg3 21.hxg3 Nxf5 22.Ne4 Nh6 23.Rab1 Ng4 24.Nc3 Qg5 25.Qd2 {
0-1, Petri Thomas 2067 - Ikonnikov Vyacheslav 2550 , Wiesbaden 1997 It (open)
} ) 6...dxc5 ( 6...Bxc5 7.Nf3 O-O 8.a3 d5 9.cxd5 exd5 10.Bg5 Be6 11.Rd1 Nc6
12.e3 Rc8 13.Be2 h6 14.Bh4 d4 15.O-O g5 16.Bg3 Bb6 17.Nxd4 Bxd4 18.exd4 Nxd4
19.Qd3 Nxe2+ 20.Qxe2 Qa5 21.Qf3 Qf5 22.Qxb7 a5 { 1/2-1/2, Tomaszewski Roman
2435 - Hawelko Marek 2460 , Jachranka 1987 Ch Poland (team) } ) 7.Nf3 { N } (
7.a3 Ba5 8.Nf3 Nc6 9.e3 b6 10.O-O-O Qe7 11.Bd3 Bb7 12.Ne4 { 1/2-1/2,
Kalinitschew Sergey 2517 - Ikonnikov Vyacheslav 2543 , Dieren 4. 8.2004 Ch
Netherlands (open) } ) 7...Nc6 8.e3 e5 9.Bd3 { N } ( 9.O-O-O O-O { } )
9...Bxc3 ( 9...Bg4 10.Ng5 Bh5 ( 10...Ba5 { } ) 11.a3 Bxc3 12.Bxc3 Qe7 13.O-O
Bg6 14.Bf5 Ng4 15.Nh3 O-O 16.Bxg6 hxg6 17.Qe2 Nf6 18.f3 Rad8 19.Rad1 Rxd1
20.Rxd1 Rd8 21.Nf2 Rxd1+ 22.Qxd1 Qe6 23.Qd3 b6 24.Kf1 Kf8 25.Ke2 Ke7 {
1/2-1/2, Furman Semen 2550 - Sokolsky Alexey, Moscow 1949 Ch URS } ) ( 9...O-O
10.O-O h6 11.a3 Bxc3 12.Bxc3 Qe7 13.Nd2 Be6 14.b3 Rad8 15.Ne4 Ne8 16.Ng3 Nd6
17.Rad1 f5 18.Rfe1 Qf7 19.f4 b5 20.Bxe5 Nxe5 21.fxe5 Nc8 22.Rc1 Nb6 23.Rf1
bxc4 24.bxc4 g6 25.Rfd1 Qc7 26.Qc3 Nd7 27.Ne2 Qxe5 28.Qxe5 Nxe5 29.Nf4 {
...1/2-1/2, Slutzky Leonid 2375 - Boensch Uwe 2525 , Hertzliya 1993 It } ) (
9...Qe7 10.Ng5 Bxc3 11.Bxc3 Ng4 12.Nf3 Nd4 13.exd4 exd4+ 14.Kf1 dxc3 15.Re1
Be6 16.Bf5 Nh6 17.Bxe6 fxe6 18.Qxc3 O-O 19.g3 Rf6 20.Nd2 Raf8 21.Ne4 Rf3
22.Re3 R3f7 23.Kg2 Nf5 24.Rd3 Nd4 25.Re1 e5 26.Ree3 b6 27.f3 h6 28.Nd2 Qf6
29.Re4 { ...1-0, Belozerov Andrei 2320 - Chepukaitis Genrikh 2265 , St.
Petersburg 1994 Memorial A.Petrov } ) 10.Bxc3 { N } 10...Qe7 11.O-O h6 { ?! }
( 11...e4 { !? } 12.Bxf6 exd3 13.Bxe7 dxc2 { } ) 12.a3 O-O 13.h3 ( 13.Nd2 Be6
14.b3 Rad8 15.Ne4 Ne8 16.Ng3 Nd6 17.Rad1 f5 18.Rfe1 Qf7 19.f4 b5 20.Bxe5 Nxe5
21.fxe5 Nc8 22.Rc1 Nb6 23.Rf1 bxc4 24.bxc4 g6 25.Rfd1 Qc7 26.Qc3 Nd7 27.Ne2
Qxe5 28.Qxe5 Nxe5 29.Nf4 Bf7 30.Nd5 Kg7 31.Be2 Rb8 32.Rb1 Rfd8 { ...1/2-1/2,
Slutzky Leonid 2375 - Boensch Uwe 2525 , Hertzliya 1993 It } ) 13...a5 { N }
14.b3 Rd8 15.Be2 Ne8 16.Rfd1 Rxd1+ 17.Rxd1 e4 18.Nd2 Bf5 19.Nf1 b6 20.Ng3 Bg6
21.Bg4 Rd8 22.Rxd8 Qxd8 23.Bf5 Bxf5 24.Nxf5 Qd3 { ?! } ( 24...Ne7 { !? }
25.Nxe7+ Qxe7 26.Qd2 Kf8 { } ) 25.Qxd3 exd3 26.a4 f6 27.Kf1 Kf7 28.Ke1 Ke6
29.e4 Nd6 30.Nxd6 Kxd6 31.Kd2 h5 32.f4 Ke7 33.f5 Kd6 34.Kxd3 Kd7 35.Ke3 Ke7
36.g3 Kd7 37.g4 hxg4 38.hxg4 Ke8 39.e5 Ke7 40.Ke4 Nd8 41.e6 Nb7 42.Kd5 Nd6
43.Bd2 g6 44.fxg6 Ne8 45.Bf4 { } {#r} 1-0

[Event "It (b)"]
[Site "masterchessopen.com Serpukhov (Russia)"]
[Round "0"]
[White "Goltsov Denis (RUS)"]
[Black "Sobyanin Viktor (RUS)"]
[Result "0-1"]
[WhiteElo "2296"]
[BlackElo "2277"]

1.d4 Nf6 2.c4 e6 3.Nc3 Bb4 4.Qc2 d6 5.Nf3 O-O 6.Bd2 Nc6 7.a3 Bxc3 8.Bxc3 Qe7
9.g3 e5 10.dxe5 dxe5 11.Bg2 Bg4 12.O-O Rfe8 13.b4 Rad8 14.Rfd1 b6 15.Rxd8 Rxd8
16.Rd1 Bxf3 17.Rxd8+ Qxd8 18.Bxf3 Nd4 19.Qb2 Nxf3+ 20.exf3 Qd1+ 21.Kg2 e4
22.fxe4 Nxe4 23.Bxg7 Nd2 24.Qa1 Qf3+ 25.Kg1 Qg4 26.Bh6 Nf3+ 27.Kh1 Nd4 28.Qc3
Qh3 29.Qe1 Qxh6 30.Qe8+ Kg7 31.Qe5+ Qf6 {#R} 0-1

[Event "It (open)"]
[Site "masterchessopen.com Obrenovac (Yugoslavia)"]
[Date "2004.11.22"]
[Round "1"]
[White "Maksimovic Marko (SRB)"]
[Black "Abergel Thal (FRA)"]
[Result "0-1"]
[WhiteElo "2101"]
[BlackElo "2428"]

1.d4 Nf6 2.c4 e6 3.Nc3 Bb4 4.Qc2 d6 5.a3 Bxc3+ 6.Qxc3 O-O 7.Bg5 Nbd7 8.Nf3 b6
9.e3 Bb7 10.Be2 c5 11.dxc5 bxc5 12.Bxf6 Nxf6 13.O-O a5 14.b3 Qb6 15.Rab1 Rab8
16.Rfc1 Bc6 17.Nd2 Rb7 18.Bf3 Bxf3 19.gxf3 Rfb8 20.Ne4 Nxe4 21.fxe4 a4 22.b4
Qc6 23.f3 cxb4 24.axb4 g6 25.b5 Qc5 26.Ra1 Rc8 27.Qd4 Qg5+ 28.Kh1 Qh5 29.Rf1
d5 30.Rxa4 dxc4 31.Rxc4 Rxc4 32.Qxc4 Rxb5 33.Qc8+ Kg7 34.Qc3+ e5 35.f4 Qe2
36.Qe1 Qc2 37.Qd1 Qxe4+ 38.Qf3 Qxf3+ 39.Rxf3 Rb1+ 40.Kg2 Rb2+ 41.Kg1 e4 42.Rg3
f6 43.Kh1 Ra2 44.Kg1 Re2 45.Rh3 h6 46.Kf1 Ra2 47.Kg1 Rb2 48.Rg3 Re2 49.h4 Kf7
50.Kh1 Ke6 51.Rxg6 Rxe3 52.Rxh6 Rf3 53.Kg2 Rxf4 54.Rh8 Kf5 55.Kg3 e3 56.Rh5+
Kg6 {#R} 0-1

[Event "It (open)"]
[Site "masterchessopen.com Banja-Luka (Bosnia & Herzegovina)"]
[Date "2004.12.06"]
[Round "3"]
[White "Popovic Zoran (BIH)"]
[Black "Abramovic Bosko (SRB)"]
[Result "1-0"]
[WhiteElo "2303"]
[BlackElo "2471"]

1.d4 Nf6 2.c4 e6 3.Nc3 Bb4 4.Qc2 d6 5.a3 Bxc3+ 6.Qxc3 Nbd7 7.Nf3 b6 8.g3 Bb7
9.Bg2 O-O 10.O-O Qe7 11.b4 c5 12.Rd1 Rfc8 13.Bb2 Rc7 14.bxc5 bxc5 15.a4 Rac8
16.d5 exd5 17.cxd5 Qxe2 18.Re1 Qa6 19.Nh4 Ne5 20.Rad1 Re8 21.Nf5 Bc8 22.Nxd6
Qxd6 23.Rxe5 Bd7 24.Rde1 Bxa4 25.Rxe8+ Bxe8 26.Qa5 Re7 27.Rxe7 Qxe7 28.Ba3 Qe2
29.Qxc5 Qd1+ 30.Bf1 h6 31.d6 Bd7 32.Qxa7 Bc6 33.Qe3 Bb5 34.Qc1 Qxc1 35.Bxc1
Bxf1 36.Kxf1 Kf8 37.Ke2 Ke8 38.Bb2 Kd7 39.Bxf6 gxf6 40.Kf3 Kxd6 41.Kg4 Ke5
42.f4+ Ke4 43.Kh5 Kf3 44.Kxh6 Kg2 45.Kg7 Kxh2 46.Kxf7 {#r} 1-0

[Event "Ch Sweden (team) 2004/05"]
[Site "masterchessopen.com Sweden"]
[Date "2005.01.15"]
[Round "6"]
[White "Akesson Ralf (SWE)"]
[Black "Agrest Evgenij (SWE)"]
[Result "1/2-1/2"]
[WhiteElo "2486"]
[BlackElo "2571"]

1.d4 Nf6 2.c4 e6 3.Nc3 Bb4 4.Qc2 d6 5.Bg5 Nbd7 6.e3 c5 7.Nf3 Qa5 8.Bd3 cxd4
9.exd4 Bxc3+ 10.bxc3 Qc7 11.O-O b6 12.Rae1 O-O 13.Re3 Bb7 14.Nd2 Rfe8 15.Rg3
g6 16.f4 Nh5 17.Re3 Ng7 18.Rfe1 Rac8 19.Bh6 Nf6 20.Bg5 Nd7 21.Bh6 d5 22.cxd5
Bxd5 23.c4 b5 24.c5 Rb8 25.f5 exf5 26.Rxe8+ Nxe8 27.Bxf5 Ndf6 28.Rf1 Qc6
29.Bh3 Rd8 30.a3 a5 31.Qc3 Be6 32.Bxe6 Qxe6 33.Qxa5 Rxd4 34.Nf3 Rc4 35.Qxb5
Ne4 36.Re1 Rxc5 37.Qxc5 Nxc5 38.Rxe6 fxe6 39.Be3 Na4 40.Bg5 Nd6 41.Be7 Nc4
42.Ng5 h6 43.Nxe6 Kf7 44.Nc5 Kxe7 {#d} 1/2-1/2

[Event "It (cat.1)"]
[Site "masterchessopen.com Budapest (Hungary)"]
[Date "2005.04.07"]
[Round "6"]
[White "Kahn Evarth Dr (HUN)"]
[Black "Cherniack Alex (USA)"]
[Result "1-0"]
[WhiteElo "2306"]
[BlackElo "2225"]

1.d4 Nf6 2.c4 e6 3.Nc3 Bb4 4.Qc2 d6 5.Bg5 Nbd7 6.e3 Bxc3+ 7.Qxc3 b6 8.Bd3 Bb7
9.f3 c5 10.Ne2 Rc8 11.O-O O-O 12.d5 Nxd5 13.Bxh7+ Kh8 14.cxd5 Qxg5 15.dxe6
fxe6 16.Nf4 Kxh7 17.Nxe6 Qg6 18.Nxf8+ Rxf8 19.e4 Nf6 20.Rad1 Nh5 21.Qd2 Nf4
22.Rfe1 Rf6 23.Kh1 Qh5 24.Re3 Rh6 25.g3 Ne6 26.g4 Qh4 27.Rf1 Ba6 28.Rg1 Nd4
29.g5 Rh5 30.Rg4 Qh3 31.Qg2 Bf1 32.Qxh3 Bxh3 33.Rg1 Ne6 34.Rd3 Nxg5 35.Rd5 Kh6
36.Rxd6+ Kh7 37.Rd5 Kh6 38.Rg3 Bf1 39.Rd6+ g6 40.e5 Rh4 41.e6 Bb5 42.e7 Rc4
43.Rd8 Ne4 44.fxe4 Rxe4 45.Rd6 Be8 46.Kg1 Rxe7 47.Kf2 Bf7 48.a3 Kh7 49.Re3 Rc7
50.Red3 Be8 51.Re3 Bf7 52.Kg3 Kg7 53.Kf4 Rb7 54.h4 Rc7 55.Rg3 Kf8 56.Kg5 Ke7
57.Rd2 Kf8 58.Rgd3 Be8 59.Re3 Bf7 60.Kh6 Rc8 61.Rd7 Ra8 62.Rf3 {#r} 1-0